000 00802nam a2200229 a 4500
001 000024798
005 20200930023357.0
008 110204s1925 sp r 000 0 spa d
040 _aDO-SdBNP
_bspa
_cBNPHU
082 _axxxxx
_bS747d
100 1 _aSpengler, Oswald
_950887
245 1 3 _aLa decadencia de occidente :
_bbosquejo de una morfología de la historia universal /
_ctraducción Manuel G. Morente.
250 _a2a ed.
260 _aMadrid :
_bCalpe,
_c1925.
300 _av. 1 ;
_c22.5 cm.
490 1 _aBiblioteca de ideas del siglo XX ;
_v4
504 _aIncluye referencias bibliográficas y notas al pie de las páginas.
505 2 _av. 1
_tForma y realidad.
700 1 _aMorente, Manuel G.,
_etr.
_950888
830 0 _aBiblioteca de ideas del siglo XX ;
_n4
_950889
049 _aBNGR
999 _c24291
_d24291